Capital and rental valuation of petrol filling stations in England, Wales and Scotland (Record no. 102723)

MARC details
000 -LEADER
fixed length control field 01544cam a2200289 4500
008 - FIXED-LENGTH DATA ELEMENTS--GENERAL INFORMATION
fixed length control field #DATE n2003 000 0 eng u
020 ## - INTERNATIONAL STANDARD BOOK NUMBER
International Standard Book Number 1842191446
035 ## - SYSTEM CONTROL NUMBER
System control number (Sirsi) u121747
041 0# - LANGUAGE CODE
Language code of text/sound track or separate title eng
050 ## - LIBRARY OF CONGRESS CALL NUMBER
Classification number 333.337 $2 18
110 2# - MAIN ENTRY--CORPORATE NAME
Corporate name or jurisdiction name as entry element Royal Institution of Chartered Surveyors
Subordinate unit Valuation Faculty
9 (RLIN) 4354
245 00 - TITLE STATEMENT
Title Capital and rental valuation of petrol filling stations in England, Wales and Scotland
Remainder of title Valuation Information Paper No. 3
260 ## - PUBLICATION, DISTRIBUTION, ETC.
Place of publication, distribution, etc. Coventry
Name of publisher, distributor, etc. RICS
Date of publication, distribution, etc. 2003
300 ## - PHYSICAL DESCRIPTION
Extent v, 11p.
Dimensions 30cm.
490 #0 - SERIES STATEMENT
Series statement RICS Information Paper
490 #0 - SERIES STATEMENT
Series statement RICS Valuation Information Paper
Volume/sequential designation (03)
505 2# - FORMATTED CONTENTS NOTE
Formatted contents note Valuations of petrol filling stations fully equiped as operational entities -- Valuation of non-operational petrol filling stations and land having trading potential -- Valuations for loan security purposes -- Other property -- Confidentiality
520 ## - SUMMARY, ETC.
Summary, etc. Out of date, archived 13/04/2015.
520 ## - SUMMARY, ETC.
Summary, etc. Although not intended to be fully comprehensive, considers the general approach to be adopted for capital or rental valuation of petrol filling stations.
650 24 - SUBJECT ADDED ENTRY--TOPICAL TERM
Topical term or geographic name entry element RICS appraisal and valuation standards
651 #4 - SUBJECT ADDED ENTRY--GEOGRAPHIC NAME
Geographic name United Kingdom
Chronological subdivision
690 ## - LOCAL SUBJECT ADDED ENTRY--TOPICAL TERM (OCLC, RLIN)
Topical term or geographic name as entry element PROPERTY-INFRASTRUCTURE-ROAD INFRASTRUCTURE
710 2# - ADDED ENTRY--CORPORATE NAME
Corporate name or jurisdiction name as entry element Royal Institution of Chartered Surveyors
Subordinate unit Trading Related Valuation Group
9 (RLIN) 4457
856 41 - ELECTRONIC LOCATION AND ACCESS
Uniform Resource Identifier <a href="https://www.rics.org/Global/Downloads/3_CapitalRentalValPetrolStations_EngWalesScot_03.pdf">https://www.rics.org/Global/Downloads/3_CapitalRentalValPetrolStations_EngWalesScot_03.pdf</a>
Public note
-- View this item (members-only content) free of charge at www.rics.org...
942 ## - ADDED ENTRY ELEMENTS (KOHA)
Suppress in OPAC 0
Holdings
Withdrawn status Lost status Source of classification or shelving scheme Damaged status Not for loan Home library Current library Shelving location Date acquired Total Checkouts Full call number Barcode Date last seen Date last checked out Copy number Price effective from Koha item type
    Dewey Decimal Classification     London London RICS Boxes 12/08/2003 1 RICS 2003/28 30068539 06/08/2019 24/02/2006 1 06/08/2019 Archive
    Dewey Decimal Classification     London London RICS Boxes 12/08/2003   RICS 2003/28 30068543 06/08/2019   2 06/08/2019 Reference material
    Dewey Decimal Classification     London London RICS Boxes 12/08/2003 3 RICS 2003/28 30068580 06/08/2019 28/03/2006 4 06/08/2019 Book